000 01302nam a2200229Ia 4500
003 Ost
005 20260507075421.0
008 260507s9999||||xx |||||||||||||| ||und||
020 _a978995797013
040 _cfsecg
041 _aara
100 _aالزغبي، علي فلاح
_eمؤلف
245 0 _aإدارة التسويق الحديث /
_c علي فلاح الزغبي
260 _aعمان:
_bدار المسيرة,
_c2015
300 _a496 صفحة؛
_bإيضاحات ؛
_c25 سم
520 _aيضم التسويق أسسه و مفاهيمه، مدخل الى إدارة النشاط التسويقي، استراتيجية إدارة النشاط التسويقي، عملية التخطيط التسويقي، عملية التنظيم التسويقي، عملية التنسيق التسويقي، عملية التوجيه التسويقي، عملية اتخاذ القرارات التسويقية، عملية الرقابة التسويقية، مدخل الى تسويق الخدمات، التسويق الدولي، التسويق الالكتروني في منظمات الأعمال.
653 _aإدارة الأعمال
653 _aأدارة المبيعات
653 _aالتسويق
653 _aتكنولوجيا- التسويق
942 _cكتاب
999 _c44467
_d44467